| 000 | 004610000a22001810004500 | ||
|---|---|---|---|
| 003 | MACL | ||
| 005 | 20160101155111.0 | ||
| 008 | 160101b xxu||||| |||| 00| 0 eng d | ||
| 040 |
_aMACL _cMACL |
||
| 041 | _aEnglish | ||
| 082 | _a403/EDG | ||
| 100 |
_aEdgerton, Franklin _921739 |
||
| 245 | _aBuddhist Hybrid Sanskrit Grammar and Dictionary | ||
| 260 |
_bNew Haven _c1953 _aLondon |
||
| 350 | _a90 | ||
| 650 |
_aDictionary _926607 |
||
| 942 |
_cBK _k403/EDG _2ddc |
||
| 999 |
_c36155 _d36155 |
||